Symmetric automorphisms of free products
Saved in:
| Main Authors: | , |
|---|---|
| Format: | Bog |
| Sprog: | engelsk |
| Udgivet: |
Providence
American Mathematical Society
1996
|
| Serier: | Memoirs of the American Mathematical Society, 582
|
| Fag: | |
| Tags: |
Tilføj Tag
Ingen Tags, Vær først til at tagge denne postø!
|
MARC
| LEADER | 00000nam a2200000 a 4500 | ||
|---|---|---|---|
| 001 | UCT0840 | ||
| 003 | CL-VaPUC | ||
| 008 | 960906e19960000US |||||||||||||||||eng|d | ||
| 082 | 0 | 4 | |a 512.2 |b MCC |2 21 |
| 100 | |a McCullough, Darryl |e autor |9 369382 | ||
| 700 | 0 | |a Miller, Andy |e author |9 369383 | |
| 245 | 1 | 0 | |a Symmetric automorphisms of free products |
| 300 | |a 97 p | ||
| 942 | |c BK | ||
| 945 | |d 19960906 00:00:00 |a rleighto | ||
| 260 | |a Providence |b American Mathematical Society |c 1996 | ||
| 650 | 0 | |a Matemática |9 260235 | |
| 650 | 0 | |a Álgebra |9 259567 | |
| 650 | 0 | |a Teoría de grupos |9 270028 | |
| 650 | 0 | |a Factorización |9 369380 | |
| 583 | |a last modification |c 19960906 00:00:00 |k Rodrigo Vera | ||
| 490 | 0 | |a Memoirs of the American Mathematical Society, 582 | |
| 999 | |c 251539 |d 251537 | ||
| 952 | |0 0 |1 0 |4 0 |6 512_200000000000000_MCC_1996 |7 0 |8 A |9 270771 |a BIBMAT |b BIBMAT |d 2019-11-19 |i 3227898 |o 512.2 MCC 1996 |p 3227898 |r 2025-01-07 |w 2019-11-19 |y BK |k MAT | ||